The oath of euery free man, of the Citie of London

Bibliographic Details
Uniform Title:Othe of eurye free man.
Format: eBook
Language:English
Published: Imprinted at London : by Iohn Windet, printer to the Honorable Citie of London, [c. 1605]
Series:Early English books online.
Subjects:
Online Access:Connect to the full text of this electronic book

MARC

Tag First Indicator Second Indicator Subfields
LEADER 00000nam a2200000Ia 4500
001 in00004174113
005 20200807083653.0
006 m g d
007 cr bn |||a|bb|
008 980918s1605 enk o 00| | eng d
035 |a (UnM)99900285 
037 |a CL0036000061  |b ProQuest. 789 E. Eisenhower Parkway, Ann Arbor, MI 48108-3218 
040 |a Cu-RivES  |c Cu-RivES  |e dcrb  |d WaOLN 
130 0 |a Othe of eurye free man. 
245 1 4 |a The oath of euery free man, of the Citie of London 
246 2 |a Oath of every free man, of the Citie of London 
260 |a Imprinted at London :  |b by Iohn Windet, printer to the Honorable Citie of London,  |c [c. 1605] 
300 |a 1 online resource (1 sheet ([1] pages) 
336 |a text  |b txt  |2 rdacontent 
337 |a computer  |b c  |2 rdamedia 
338 |a online resource  |b cr  |2 rdacarrier 
500 |a An edition of: "The othe of eurye free man" first printed c. 1575--STC. 
500 |a Date of publication from STC. 
500 |a Reproduction of original in the Bodleian Library, Oxford, England. 
510 4 |a STC (2nd edition)  |c 16763.5 
533 |a Electronic reproduction.  |b Ann Arbor, Mich. :  |c UMI,  |d 1999-  |f (Early English books online)  |n Digital version of: (Early English books, 1475-1640 ; 1972:8)  |7 s1999 miun s 
650 0 |a Freemen  |z England  |z London  |v Early works to 1800. 
650 0 |a Oaths  |z England  |z London  |v Early works to 1800. 
830 0 |a Early English books online. 
856 4 0 |u http://proxy.library.tamu.edu/login?url=https://search.proquest.com/docview/2240887898  |z Connect to the full text of this electronic book  |t 0 
999 f f |s b074e0be-4f26-3458-a95e-ed1b8a57dcf5  |i a6ad9ee1-0f90-3e97-9660-95bd97cb7c6c  |t 0 
952 f f |a Texas A&M University  |b College Station  |c Electronic Resources  |d Available Online  |t 0  |h No information provided 
998 f f |t 0  |l Available Online